000
00291nam a22001337a 4500
008
181015b xxu||||| |||| 00| 0 eng d
020
_a
9780071410809
041
_a
eng
080
_a
311
100
_a
55
101
_a
STA
245
_a
Business Statistics
_c
Kazmier, L.J
942
_2
udc
_c
BK
999
_c
49749
_d
49749